A Textbook of Applied Sociology/ (Record no. 1588)

MARC details
000 -LEADER
Fixed length control field 00524nam a2200205Ia 4500
003 - CONTROL NUMBER IDENTIFIER
Control field IIN
005 - DATE AND TIME OF LATEST TRANSACTION
Control field 20250507114658.0
008 - FIXED-LENGTH DATA ELEMENTS--GENERAL INFORMATION
Fixed length control field 231217s2023 xx d 001 0 eng d
020 ## - INTERNATIONAL STANDARD BOOK NUMBER / ISBN
Price Rs.475.00
International Standard Book Number 9781543345711
040 ## - CATALOGING SOURCE
Original cataloging agency IIN
Language of cataloging English
082 ## - DEWEY DECIMAL CLASSIFICATION NUMBER
Classification number 610.73
Book Number KUM
100 1# - MAIN ENTRY--PERSONAL NAME
Personal name Kumari, Neelam
245 #2 - TITLE STATEMENT
Title A Textbook of Applied Sociology/
Statement of responsibility Neelam Kumari
260 ## - IMPRINT
Place of publication Jalandhar
Name of publisher Pee Vee
Date of publication 2023
300 ## - PHYSICAL DESCRIPTION
Page / Vol. No 373p.
500 ## - GENERAL NOTE
General note Includes Index
650 1# - SUBJECT ADDED ENTRY--TOPICAL TERM
Topical term Sociology
650 1# - SUBJECT ADDED ENTRY--TOPICAL TERM
Topical term Sociology
Form subdivision Nursing
942 ## - ADDED ENTRY ELEMENTS (KOHA)
Koha item type Books
Holdings
Withdrawn status Lost status Source of classification Damaged status Not for loan Collection code Home library Current library Shelving location Date acquired Price Total Checkouts Call number Accession number Date last seen Copy number Price effective from Koha item type
    Dewey Decimal Classification       IDEAL INSTITUTE OF NURSING IDEAL INSTITUTE OF NURSING General Stacks 17/12/2023 475.00   610.73 KUM 1582 17/12/2023 1 17/12/2023 Books
    Dewey Decimal Classification       IDEAL INSTITUTE OF NURSING IDEAL INSTITUTE OF NURSING General Stacks 17/12/2023 475.00   610.73 KUM 1583 17/12/2023 2 17/12/2023 Books
    Dewey Decimal Classification       IDEAL INSTITUTE OF NURSING IDEAL INSTITUTE OF NURSING General Stacks 17/12/2023 475.00   610.73 KUM 1584 17/12/2023 3 17/12/2023 Books
    Dewey Decimal Classification     Purches Book IDEAL INSTITUTE OF NURSING IDEAL INSTITUTE OF NURSING General Stacks 11/03/2025 475.00   610.73 KUM 2004 07/05/2025 4 07/05/2025 Books
© Ideal Institute Of Nursing, All rights reserved.         Powered by Koha